Gestión integral de playas
Saved in:
| Hovedforfatter: | |
|---|---|
| Format: | Bog |
| Sprog: | spansk |
| Udgivet: |
Madrid
Síntesis
2003
|
| Fag: | |
| Tags: |
Tilføj Tag
Ingen Tags, Vær først til at tagge denne postø!
|
MARC
| LEADER | 00000nam a2200000 a 4500 | ||
|---|---|---|---|
| 001 | UCG0845 | ||
| 003 | CL-VaPUC | ||
| 008 | 100408e20030000SP |||||||||||||||||spa|d | ||
| 020 | |a 8497560914 | ||
| 082 | 0 | 4 | |a 338.4791 |b RUB |2 21 |
| 100 | 0 | |a Rubio López, Dulce |e author |9 548479 | |
| 245 | 1 | 0 | |a Gestión integral de playas |
| 300 | |a 203 p | ||
| 942 | |c BK | ||
| 945 | |d 20100408 00:00:00 |a dcastane | ||
| 260 | |a Madrid |b Síntesis |c 2003 | ||
| 650 | 0 | |a Turismo |9 308920 | |
| 650 | 0 | |a Industria turística |9 347913 | |
| 650 | 0 | |a Playas |9 261647 | |
| 650 | 0 | |a Gestión turística |9 548337 | |
| 650 | 7 | |a SERVICIOS TURISTICOS |2 CL-VaPUC |9 548480 | |
| 583 | |a last modification |c 20131230 05:27:50 |k Rodrigo Vera | ||
| 999 | |c 340363 |d 340361 | ||
| 952 | |0 0 |1 0 |4 0 |6 338_479100000000000_RUB_2003 |7 0 |8 A |9 435009 |a BIBING |b BIBING |d 2019-11-22 |i 4658477 |o 338.4791 RUB 2003 |p 4658477 |r 2025-01-20 |w 2019-11-22 |y BK |k GEO | ||